| 000 | 00439nam a2200193Ia 4500 | ||
|---|---|---|---|
| 003 | 0100 | ||
| 008 | 130227s9999 xx 000 0 und d | ||
| 040 | _cARRUPELIB | ||
| 050 | _aB945.Q54A3 1995 | ||
| 100 | _aQuine, Willard Van | ||
| 245 | _aFrom stimulus to science | ||
| 260 | _aCambridge | ||
| 260 | _bHarvard University Press | ||
| 260 | _C1995 | ||
| 300 | _a114p. | ||
| 300 | _b 21cm. | ||
| 650 | _bMeaning | ||
| 942 |
_2lcc _04 |
||
| 999 |
_c6182 _d6182 |
||